D1 -State College Football Teams - Statistics

General Stats
  • This quiz has been taken 30 times
    12 since last reset
  • The average score is 21 of 31
Answer Stats
Conference Answer % Correct
Big 12 Arizona State
100%
ACC Florida State
100%
BIG 10 Michigan State
100%
Mountain West Boise State
88%
Big 12 Iowa State
88%
Big 12 Kansas State
88%
ACC NC State
88%
BIG 10 Ohio State
88%
PAC-12 Oregon State
88%
PAC-12 Washington State
88%
Sun Belt Arkansas State
75%
Mountain West Colorado State
75%
Sun Belt Georgia State
75%
SEC LSU
75%
SEC Mississippi State
75%
CUSA New Mexico State
75%
BIG 12 Oklahoma State
75%
BIG 10 Penn State
75%
Sun Belt Texas State
75%
Mountain West Utah State
75%
MAC Kent State
63%
Sun Belt Appalachian State
50%
MAC Ball State
50%
Mountain West Fresno State
50%
CUSA Kennesaw State
50%
Mountain West San Diego State
50%
CUSA Jacksonville State
38%
CUSA Missouri State
38%
Mountain West San Jose State
38%
MAC Bowling Green State
25%
CUSA Middle Tennessee State
25%
No matching quizzes found
Score Distribution
Percent of People with Each Score
Percentile by Number Answered
Your Score History
You have not taken this quiz since the last reset